পুরানো ঢাকার সাংস্কৃতিক প্রসঙ্গ / (Record no. 18201)

MARC details
000 -LEADER
fixed length control field 00892nam a22002177a 4500
003 - CONTROL NUMBER IDENTIFIER
control field BDDh-ASL
005 - DATE AND TIME OF LATEST TRANSACTION
control field 20231015025706.0
008 - FIXED-LENGTH DATA ELEMENTS--GENERAL INFORMATION
fixed length control field 200921b2001 ||||| b||| 00| 0 d
020 ## - INTERNATIONAL STANDARD BOOK NUMBER
International Standard Book Number 9840741039
040 ## - CATALOGING SOURCE
Original cataloging agency BDDh-ASL
Transcribing agency BDDh-ASL
Modifying agency BDDh-ASL
041 ## - LANGUAGE CODE
Language code of text/sound track or separate title benagli
082 ## - DEWEY DECIMAL CLASSIFICATION NUMBER
Classification number 306.09
Item number HAP
100 1# - MAIN ENTRY--PERSONAL NAME
Personal name হায়াৎ, অনুপম
9 (RLIN) 1044
245 1# - TITLE STATEMENT
Title পুরানো ঢাকার সাংস্কৃতিক প্রসঙ্গ /
Remainder of title অনুপম হায়াৎ।
246 ## - VARYING FORM OF TITLE
Title proper/short title Purano Dhakar Sanskritik Prasanga.
260 ## - PUBLICATION, DISTRIBUTION, ETC.
Place of publication, distribution, etc. ঢাকা:
Name of publisher, distributor, etc. বাংলা একাডেমী,
Date of publication, distribution, etc. ২০০১
300 ## - PHYSICAL DESCRIPTION
Extent ৯৬ পৃষ্ঠা:
Dimensions ২২ সে. মি.।
504 ## - BIBLIOGRAPHY, ETC. NOTE
Bibliography, etc. note গ্রন্থপঞ্জি সংযুক্ত।
650 #0 - SUBJECT ADDED ENTRY--TOPICAL TERM
9 (RLIN) 1045
Topical term or geographic name entry element পুরানো ঢাকা
General subdivision ঢাকার সংস্কৃতি
942 ## - ADDED ENTRY ELEMENTS (KOHA)
Source of classification or shelving scheme Dewey Decimal Classification
Koha item type Books
Holdings
Withdrawn status Lost status Source of classification or shelving scheme Damaged status Not for loan Collection code Home library Current library Shelving location Date acquired Source of acquisition Total Checkouts Full call number Barcode Date last seen Copy number Price effective from Koha item type
    Dewey Decimal Classification     Non-fiction Asiatic Society Library Asiatic Society Library Dhaka Collection 09/21/2020 Complementary   306.09 HAP 101371 09/21/2020 C-1 09/21/2020 Books
    Dewey Decimal Classification     Non-fiction Asiatic Society Library Asiatic Society Library Dhaka Collection 09/21/2020 Complementary   306.09 HAP 101372 09/21/2020 C-2 09/21/2020 Books

Powered by Koha